000 00941cam a22003137a 4500
003 CHAP
005 20220329140227.0
008 971013s1976 r 00010 d
010 _a48869
011 _a49841
035 _a53991
040 _cCHAP
090 _aFolleto 7351
100 0 0 _aPerrero, Laurie.
_987256
245 1 4 _aThe world of tropical flowers
260 _aMiami, Fl. :
_bWindward,
_c1976
300 _a64 p.
_b: ilus.
590 _aBATCH-UPD
_b10
_c20130110
_lUCH01
_h1710
590 _aBATCH-UPD
_b10
_c20130410
_lUCH01
_h1056
590 _aBATCH-UPD
_b10
_c20130914
_lUCH01
_h0732
590 _aCONVERSION
_b10
_c20130109
_lUCH01
_h1327
650 1 4 _aBotánica
_xTrópicos.
_914626
650 1 4 _aFlores
_xTrópicos.
_941411
650 1 4 _aPlantas venenosas.
_989092
901 _aBK
942 _cFOLL
949 _aFolleto 7351
_bBC
_cFOLL
_d-119369
_eTS1
_i53991
_si
949 _aFolleto 7351
_bBC
_cFOLL
_d-119370
_eTS2
_i53991
_si
999 _c48869
_d48869